MDQL
is popping MORE tags! Check the
thread
!
Quizzes
Events
Quiz Creation
Community
Videos
Private Events
Remove Ads
Sign In
Join for FREE
Feedback
Dark Mode
Quiz Categories
Sports
Geography
Music
Movies
Television
Just For Fun
Miscellaneous
History
Literature
Language
Science
Gaming
Entertainment
Religion
Holiday
For Kids
Quiz Lab
Recent
Popular Today
Quiz Kudos Today
Editor Picks
Curator Picks
Quizzes by...
Day
Popularity
Type
Ratings
Length
Year
Community
Subscriptions
Recent Discussions
Orange Saloon
Badges
Playlists
Quests
Create
Leaderboards
Showdown
Live 5
Trivia Bingo
Activity
Puzzle Library
Sporcle Events
Private Events
Virtual Trivia
Globe League
Become a Host
Pub Owners
SporcleCon
Opinionation
Our Games
Videos
Blog
Mobile Apps
Partnerships
Remove Ads and Go Orange
Feedback
Miscellaneous
Crossword
General Knowledge
Baby Names
Logo
Food
Cars
Numbers
Grab Bag
University
College
Popular
Company
Slogans
Restaurants
Justice
Letter
Miscellaneous
Crossword
General Knowledge
Baby Names
Logo
Food
Cars
Numbers
Grab Bag
University
College
Popular
Company
Slogans
Restaurants
Justice
Letter
Random Quiz
Search Sporcle
×
Quiz Lab
Quiz Lab
Miscellaneous
Politics
Type in answers that appear in a list
Type in answers that appear in a list
Classic
Best Score? Go Orange.
Current Cabinet Members Stats
Can you name the Current Cabinet Members?
By
yiddishdonkey
7m
25 Questions
62 Plays
62 Plays
62 Plays
Comments
Comments
Give Quiz Kudos
Give Quiz Kudos
-
- Ratings
hide this ad
Replay
Link that replays current quiz
Next Quiz
Link to next quiz in quiz playlist
You Got
0%
They Got
Avg Score
42%
Avg Friend Score
Upgrade to see
Score Distribution
Jump to the score distribution portion of the page
Score
0/25
Timer
07:00
0
Plays Today
Department
Cabinet Member
% Correct
Vice President
Kamala Harris
98.4%
Secretary of State
Antony Blinken
91.9%
Secretary of the Treasury
Janet Yellen
77.4%
Secretary of Defense
Lloyd Austin
69.4%
Attorney General
Merrick Garland
69.4%
Director of National Intelligence
Avril Haines
66.7%
Secretary of Transportation
Pete Buttigieg
61.3%
Secretary of Agriculture
Tom Vilsack
56.5%
Secretary of Veterans Affairs
Denis McDonough
53.2%
Secretary of the Interior
Deb Haaland
51.6%
Secretary of Housing and Urban Development
Marcia Fudge
48.4%
Secretary of Homeland Security
Alejandro Mayorkas
48.4%
Ambassador to the United Nations
Linda Thomas-Greenfield
43.5%
Department
Cabinet Member
% Correct
Secretary of Labor
Marty Walsh
38.7%
Secretary of Health and Human Services
Xavier Becerra
33.9%
Secretary of Energy
Jennifer Granholm
32.3%
Secretary of Education
Miguel Cardona
32.3%
Administrator of the Environmental Protection Agency
Michael Regan
32.3%
Trade Representative
Katherine Tai
32.3%
Chairman of the Council of Economic Advisers
Cecilia Rouse
29%
Secretary of Commerce
Gina Raimondo
27.4%
White House Chief of Staff
Ron Klain
16.1%
Director of the Office of Management and Budget
Shalanda Young
12.9%
Administrator of the Small Business Administration
Isabel Guzman
12.9%
Director of the Office of Science and Technology Policy
Alondra Nelson
0%
Quiz Playlist
Details
Report
Send in Message
Add To Playlist
Classic:
Type in answers that appear in a list
Last Updated: Feb 16, 2017
Quiz Scoreboard
CHALLENGE
Sign Up to Join the Scoreboard
Show All
Scores
Hide
Comments
May contain spoilers
Recently Published
1-10 Letter E Words III
by El_Dandy
Language
2m
Street Fighter Characters
by Artimus82
Gaming
60s
College Basketball Coaching Resumes
by pancakes188
Sports
9m
More to Explore
Quiz From the Vault
Featured Blog Post
Where Did the Easter Bunny Come From?
hide this ad
You Might Also Like...
Tags
Politics Quiz
America Politics
Barack Obama
Cabinet
Federal Government
Government
Government Basics
Presidental Cabinet
US Cabinet
US Government
US Political
Today's Top Quizzes in Miscellaneous
Browse Miscellaneous
hide this ad
Today's Top Quizzes in Politics
Browse Politics
Top Contributed Quizzes in Miscellaneous
1
5-to-1: Fast Food
2
The JOE quick-fire general knowledge quiz: Day 174
3
The JOE quick-fire general knowledge quiz: Day 173
4
5-to-1: Cocktails
5
The JOE quick-fire general knowledge quiz: Day 172
6
9x9 Crossword: Disney Movie Titles
7
9x9 Crossword: Charlie and the Chocolate Factory
8
Sunday Crossword: Famous Bodies of Water
9
The JOE quick-fire general knowledge quiz: Day 171
10
9x9 Crossword: Flags
Explore More
Trending Topics
Marvel
Harry Potter
Crossword
Kpop
Anime
NBA
Disney
WWE
Soccer
The Office
Country
Pokémon
Puzzle
NFL
Song
hide this ad
More By:
yiddishdonkey
Quiz
Plays
Rating
Category
Featured
Created
Minor Greek Gods
385
2.67
Religion
Oct 22, 2012
FBI Field Offices
117
5.00
Geography
Nov 8, 2016
Current Cabinet Members
62
Miscellaneous
Jul 22, 2015
Go to Creator's Profile
Score Distribution
Quiz Creator Spotlight
yiddishdonkey
Follow
Send a Message
Quizzes Created
-
Created Quiz Play Count
-
More By This Creator
Popular Quizzes Today
1
Find the US States - No Outlines Minefield
2
Find the Countries of Europe - No Outlines Minefield
3
The Countries of the World
4
Find the US States
5
Risky Map Clicking: Biggest States A-Z
6
US States
7
Popular People in 1961
8
Movies - When Are They Set?
More Miscellaneous Quizzes
Candy Cane Cookies Ingredients Crossword
Curator's Pick
Trending Quizzes
Risky Map Clicking: Least Populous States A-Z
Billboard Blitz: Aretha Franklin
Famous Russians: Author or Composer?
Countries of the World: 200 Million BC
1-10 Letter G Words
Recently Updated
Leaping Animals
pecheneg
Reality TV Shows (A-Z)
bhenderson79
Rickey Henderson's Hall of Fame Teammates
pecheneg
Champions League XIs: Arsenal
pecheneg
Quick Pick: Celebrities in WWE's Hall of Fame
aduchscher
A-Z Keypad Blitz II
pecheneg
Multiple Oscar Actors
pecheneg
Mystery Phrase Blitz: Oscar 'Best Actors'
pecheneg
F. Scott Fitzgerald Novels
LTH
Pick 3 Villains
ddd62291
Trending Topics
Crossword
Anime
Kpop
Marvel
NBA
Disney
Harry Potter
Puzzle
NFL
Soccer
Country
The Office
Song
Pokémon
WWE
Your Account Isn't Verified!
In order to create a playlist on Sporcle, you need to verify the email address you used during registration. Go to your
Sporcle Settings
to finish the process.
Report this User
Report this user for behavior that violates our
Community Guidelines
.
Details:
Send Report
Go to the Sporcle.com Mobile Site →
Comments